Welche Stadt mit D? - Statistiken

Allgemein
  • Dieses Quiz wurde 97 mal gespielt
  • Das Durchschnittsergebnis liegt bei 15 aus 20
Antwortstatistiken
Hinweis Stadt % Korrekt
Stadt an der Elbe, bekannt sind das Palais mit großem Park sowie die Frauenkirche Dresden
100%
Luxuriöse Urlaubsmetropole, Burj Khalifa Dubai
100%
Großstadt im Ruhrgebiet (der Größe nach sortiert) Dortmund
96%
Modehauptstadt Deutschlands, bekannte Sehenswürdigkeit ist der Medienhafen Düsseldorf
94%
am St. Patrick's Day wird hier in der Parade traditionell grün getragen und Guinnessgetrunken Dublin
92%
"Motor City" - bedeutende Stadt in der Automobilindustrie, höchste Kriminalitätsrate in den USA Detroit
90%
hier befindet sich der Internationale Strafgerichtshof Den Haag
88%
Großstadt im Ruhrgebiet Duisburg
84%
Stadt in Burgund, nach der ein Senf benannt wurde Dijon
83%
eine der größten Metropolen, überwiegend hinduistisch geprägt Delhi
79%
hessische Stadt, nach der ein Element im Periodensystem benannt ist Darmstadt
78%
die Metropolregion ist mittlerweile mit der Stadt Fort Worth zusammengewachsen Dallas
73%
Hauptstadt von Bangladesch Dhaka
71%
westlichste Stadt auf dem afrikanischen Festland Dakar
70%
zwischen den zwei Weltkriegen war diese Hafenstadt ein eigener Stadtstaat Danzig
70%
beliebtes Urlaubsziel im Süden Kroatiens Dubrovnik
70%
ursprüngliche Goldgräberstadt in Colorado Denver
67%
über 5000 Jahre alte Stadt im Nahen Osten Damaskus
57%
Größte Stadt sowie ehemalige Hauptstadt Tansanias Dar es Salaam
49%
Millionenstadt in Südkorea Daegu
27%
Keine übereinstimmenden Quizze gefunden
Verteilung der Resultate
Anzahl Personen mit jedem Resultat
Perzentil nach korrekt beantworteten Fragen
Ihre Resultats-Entwicklung
Sie haben dieses Quiz noch nicht gespielt